Ansätze und Perspektiven des Wirtschaftdeutschen

Interkultúrna kompetencia ako súčasť odbornej ekonomickej nemčiny. Odborný nemecký jazyk v ekonomickej oblasti. Lingvistické a didaktické chrakteristiky.

Salvato in:
Dettagli Bibliografici
Autore principale: Adamcová, Silvia, 1984-
Natura: Capitolo di libro
Lingua:tedesco
Soggetti:
Tags: Aggiungi Tag
Nessun Tag, puoi essere il primo ad aggiungerne!!

MARC

LEADER 00000naa$a2200000$$$4500
001 0261424
005 20240502083750.2
041 0 |a ger 
044 |a CZ 
245 1 0 |a Ansätze und Perspektiven des Wirtschaftdeutschen  |c Silvia Adamcová 
520 |a Interkultúrna kompetencia ako súčasť odbornej ekonomickej nemčiny. Odborný nemecký jazyk v ekonomickej oblasti. Lingvistické a didaktické chrakteristiky. 
610 2 0 |a nemčina 
610 2 0 |a jazyk odborný 
610 2 0 |a jazyky cudzie 
610 2 0 |a kompetencie interkultúrne 
610 2 0 |a didaktika 
100 1 |a Adamcová, Silvia, 1984-